Statistics for World Map Colored as a Flag #1

Click here to take the quiz!

General Stats

  • This quiz has been taken 278 times
  • The average score is 135 of 196

Answers on the Map

Answers color-coded by a green-red scale on the quiz's map according to % correct below.
 

Answer Stats

HintCountry% Correct
CanadaUnited States
94%
CanadaDenmark
92%
CanadaCanada
91%
CanadaIceland
91%
CanadaMexico
91%
MongoliaRussia
90%
MongoliaChina
89%
ChileBrazil
87%
ChileArgentina
85%
MongoliaMongolia
85%
ChileBolivia
83%
ChileChile
82%
PakistanIndia
82%
ChileParaguay
82%
ChileUruguay
82%
Bosnia and HerzegovinaFrance
81%
Bosnia and HerzegovinaUnited Kingdom
81%
PakistanKazakhstan
79%
PakistanAfghanistan
78%
LaosAustralia
78%
PakistanBhutan
78%
Bosnia and HerzegovinaGermany
78%
PakistanNepal
78%
PakistanSaudi Arabia
78%
Bosnia and HerzegovinaSpain
78%
PakistanBangladesh
77%
PakistanMaldives
77%
PakistanSri Lanka
77%
PakistanYemen
77%
PakistanBahrain
76%
PakistanKuwait
76%
PakistanKyrgyzstan
76%
PakistanOman
76%
PakistanPakistan
76%
PakistanQatar
76%
PakistanSeychelles
76%
PakistanTajikistan
76%
PakistanTurkmenistan
76%
PakistanUnited Arab Emirates
76%
PakistanUzbekistan
76%
Bosnia and HerzegovinaPoland
75%
Bosnia and HerzegovinaPortugal
75%
MoroccoAlgeria
74%
North MacedoniaEgypt
74%
Bosnia and HerzegovinaIreland
74%
Bosnia and HerzegovinaItaly
74%
North MacedoniaUkraine
74%
South AfricaMadagascar
73%
Bosnia and HerzegovinaNetherlands
73%
North MacedoniaChad
72%
South AfricaComoros
72%
NamibiaDemocratic Republic
of the Congo
72%
South AfricaEswatini
72%
North MacedoniaFinland
72%
North MacedoniaGreece
72%
LaosIndonesia
72%
GeorgiaIran
72%
GeorgiaIraq
72%
South KoreaJapan
72%
South AfricaLesotho
72%
South AfricaMalawi
72%
South AfricaMauritius
72%
South AfricaMozambique
72%
LaosMyanmar
72%
LaosNew Zealand
72%
North MacedoniaNorway
72%
South AfricaSouth Africa
72%
North MacedoniaSweden
72%
South AfricaZimbabwe
72%
MoroccoLiberia
71%
Bosnia and HerzegovinaLuxembourg
71%
MoroccoNiger
71%
Antigua and BarbudaPanama
71%
Bosnia and HerzegovinaSwitzerland
71%
LaosThailand
71%
LaosVietnam
71%
Bosnia and HerzegovinaBelgium
70%
North MacedoniaCentral African Republic
70%
MoroccoGhana
70%
MoroccoMali
70%
MoroccoTogo
70%
GeorgiaTurkey
70%
Bosnia and HerzegovinaAustria
69%
MoroccoBenin
69%
LaosCambodia
69%
MoroccoCape Verde
69%
Antigua and BarbudaColombia
69%
LaosEast Timor
69%
LaosFiji
69%
MoroccoGambia
69%
MoroccoGuinea
69%
GeorgiaIsrael
69%
MoroccoIvory Coast
69%
GeorgiaLebanon
69%
North MacedoniaLibya
69%
LaosMalaysia
69%
MoroccoMauritania
69%
LaosPapua New Guinea
69%
NamibiaRepublic of the Congo
69%
North MacedoniaRomania
69%
MoroccoSenegal
69%
LaosSingapore
69%
LaosSolomon Islands
69%
LaosTonga
69%
LaosTuvalu
69%
LaosVanuatu
69%
Bosnia and HerzegovinaAndorra
68%
GeorgiaAzerbaijan
68%
North MacedoniaBelarus
68%
LaosBrunei
68%
MoroccoBurkina Faso
68%
Bosnia and HerzegovinaCroatia
68%
MoroccoGuinea-Bissau
68%
LaosLaos
68%
MoroccoMorocco
68%
LaosSamoa
68%
MoroccoSierra Leone
68%
GeorgiaSyria
68%
MoroccoTunisia
68%
Bosnia and HerzegovinaVatican City
68%
North MacedoniaAlbania
67%
GeorgiaArmenia
67%
GeorgiaCyprus
67%
Bosnia and HerzegovinaCzech Republic
67%
North MacedoniaEstonia
67%
GeorgiaGeorgia
67%
Bosnia and HerzegovinaHungary
67%
GeorgiaJordan
67%
North MacedoniaLatvia
67%
Bosnia and HerzegovinaLiechtenstein
67%
North MacedoniaLithuania
67%
Bosnia and HerzegovinaMonaco
67%
Bosnia and HerzegovinaSan Marino
67%
North MacedoniaSerbia
67%
Bosnia and HerzegovinaSlovakia
67%
Bosnia and HerzegovinaSlovenia
67%
North MacedoniaSudan
67%
Bosnia and HerzegovinaBosnia and
Herzegovina
66%
North MacedoniaEthiopia
66%
NamibiaNigeria
66%
North MacedoniaSomalia
66%
Antigua and BarbudaVenezuela
66%
NamibiaAngola
65%
North MacedoniaBulgaria
65%
NamibiaKenya
65%
North MacedoniaKosovo
65%
North MacedoniaMalta
65%
North MacedoniaMoldova
65%
North MacedoniaMontenegro
65%
Antigua and BarbudaPeru
65%
North MacedoniaSouth Sudan
65%
NamibiaTanzania
65%
North MacedoniaDjibouti
64%
North MacedoniaEritrea
64%
North MacedoniaNorth Macedonia
63%
South KoreaPhilippines
63%
NamibiaBotswana
62%
NamibiaCameroon
62%
NamibiaUganda
62%
NamibiaZambia
62%
Antigua and BarbudaCosta Rica
61%
NamibiaGabon
61%
NamibiaRwanda
61%
NamibiaSão Tomé and Príncipe
61%
NamibiaBurundi
60%
Antigua and BarbudaEcuador
60%
NamibiaEquatorial Guinea
60%
NamibiaNamibia
60%
South KoreaNauru
60%
South KoreaPalau
60%
South KoreaTaiwan
60%
Antigua and BarbudaCuba
59%
South KoreaMarshall Islands
59%
Antigua and BarbudaNicaragua
59%
Antigua and BarbudaBahamas
58%
Antigua and BarbudaDominican Republic
58%
Antigua and BarbudaGuatemala
58%
Antigua and BarbudaGuyana
58%
South KoreaNorth Korea
58%
Antigua and BarbudaHonduras
57%
South KoreaFederated States of
Micronesia
56%
South KoreaKiribati
56%
Antigua and BarbudaSuriname
56%
Antigua and BarbudaHaiti
53%
South KoreaSouth Korea
53%
Antigua and BarbudaBelize
51%
Antigua and BarbudaEl Salvador
51%
Antigua and BarbudaJamaica
51%
Antigua and BarbudaSaint Lucia
51%
Antigua and BarbudaBarbados
49%
Antigua and BarbudaSaint Kitts and Nevis
49%
Antigua and BarbudaDominica
48%
Antigua and BarbudaGrenada
47%
Antigua and BarbudaSaint Vincent and the
Grenadines
47%
Antigua and BarbudaTrinidad and Tobago
47%
Antigua and BarbudaAntigua and Barbuda
39%

Score Distribution

Percentile by Number Answered

Percent of People with Each Score

Your Score History

You have not taken this quiz